000 01260nam a2200289Ia 4500
001 Z_4219
008 220601s9999 xx 000 0 und d
020 _a968-24-1120-3
082 _a633.2 C85
245 _aCultivos forrajeros / Johan D. Berlijn y Abel E. Bernardon; colaborador F. R. Kirchner Salinas; F. Orozco Luna, revisión
260 _aMéxico : Trillas
300 _a80 p.
440 _aManuales para educación agropecuaria: Área producción vegetal ; 19
_9181149
500 _aBasado en el trabajo de Johan D. Berlijn y Abel E. BernardonEste manaual ha sido elaborado dentro de un proyecto de cooperación técnica internacional de la DGETA, SEP, FAO Y PNUD.
503 _aej.1: - ej.3: C/E
504 _aIncluye índice
650 _a1. Forrajes
650 _aPlantas forrajeras - Manuales
650 _aPlantas forrajesras - Cultivos - Manuales
700 _aI. Berlijn, Johan D. \ II. Bernardon, Abel E. \ III. Kirchner Salinas, F. R., colab. \ IV. Orozco Luna, F., rev.
_9181151
710 _aV. México. Dirección General de Educación Tecnológica AgropecuariaÌ
_9181152
901 _a633.2 C85
902 _aM
905 _a0000001982 reimpo. 1987 mx a 0000000000spa00
942 _c14
999 _c216927
_d216927